000 00357nam a2200133Ia 4500
008 201214s9999 xx 000 0 und d
100 _aAlexander Hamilton Institute
245 0 _aHow to Plan & Manage : An Effective Wage & Salary Program
260 _aNew York
260 _bAlexander Hamilton Institute v
260 _c1979
300 _a159
942 _cBK
999 _c5875
_d5875